000 00600nam a2200169 4500
001 16430
010 _a978-84-1384-054-3
090 _a16430
100 _a20251016 pory50
200 _aA geometria divina : uma viagem iniciática à geometria sagrada, ao alcance de todos
_f Jaime Buhigas Tallon,
_g trad.João Carlos Alvim
205 _a
210 _aMadrid ; [Lisboa]
_cA Esfera dos Livros
_d2021
215 _a302 p., [24] p.
_c il. : il.
_d25 cm
304 _a Tít. orig.: La divina geometría
606 _9183
_a Geometria -- Aspetos simbólicos
801 _aPT
_bBMA
_gRPC
990 _cLIVROS